[Event "Otago Queen's Birthday op"]
[Site "Dunedin"]
[Date "2007.06.04"]
[Round "6"]
[White "Donaldson, Bruce"]
[Black "Gibbons, Robert"]
[Result "1-0"]
[WhiteElo "2063"]
[BlackElo "2077"]
[PlyCount "93"]
[EventDate "2007.06.02"]
[EventType "swiss"]
[EventRounds "6"]
[EventCountry "NZL"]
[SourceTitle "EXT 2018"]
[Source "ChessBase"]
[SourceDate "2017.10.13"]
[SourceVersion "1"]
[SourceVersionDate "2017.10.13"]
[SourceQuality "1"]

1. e4 e5 2. Nf3 Nc6 3. Bb5 a6 4. Ba4 Nf6 5. 0-0 Nxe4 6. d4 b5 7. Bb3 d5 8. dxe5 Be6 9. Be3 Bc5 10. Bxc5 Nxc5 11. c3 Nxb3 12. axb3 0-0 13. Re1 f6 14. Nd4 Nxd4 15. cxd4 fxe5 16. Rxe5 Qf6 17. Qe2 Bf7 18. Nd2 Rae8 19. h3 Qf4 20. Nf3 c5 21. dxc5 Qb4 22. c6 Qc5 23. Rxa6 Rxe5 24. Qxe5 Re8 25. Qd4 Re1+ 26. Kh2 Qd6+ 27. g3 Re4 28. Qb6 Re8 29. c7 Qd7 30. Qc6 Be6 31. Qxd7 Bxd7 32. Rd6 Bc8 33. Rxd5 Kf8 34. Re5 Rxe5 35. Nxe5 Ke7 36. Nc6+ Kd7 37. Na7 Ba6 38. c8Q+ Bxc8 39. Nxc8 Kxc8 40. Kg2 Kd7 41. Kf3 Ke6 42. Ke4 g6 43. b4 h5 44. f4 Kf6 45. g4 h4 46. Kd5 g5 47. f5 1-0

[Event "Otago Queen's Birthday op"]
[Site "Dunedin"]
[Date "2006.06.04"]
[Round "4"]
[White "Donaldson, Bruce"]
[Black "Aimers, Geoffrey"]
[Result "1-0"]
[WhiteElo "2062"]
[BlackElo "1830"]
[PlyCount "65"]
[EventDate "2006.06.03"]
[EventType "swiss"]
[EventRounds "6"]
[EventCountry "NZL"]
[SourceTitle "EXT 2018"]
[Source "ChessBase"]
[SourceDate "2017.10.13"]
[SourceVersion "1"]
[SourceVersionDate "2017.10.13"]
[SourceQuality "1"]

1. e4 e5 2. Nf3 Nc6 3. Bb5 a6 4. Ba4 Nf6 5. 0-0 Nxe4 6. d4 b5 7. Bb3 d5 8. dxe5 Be6 9. Be3 Bc5 10. Nd4 Nxd4 11. Bxd4 Bxd4 12. Qxd4 c5 13. Qe3 c4 14. f3 Qg5 15. Qxg5 Nxg5 16. h4 Nh3+ 17. gxh3 Bxh3 18. Rf2 cxb3 19. axb3 0-0 20. Nc3 Be6 21. Rd1 Rfd8 22. Rd4 Rac8 23. Rfd2 Kf8 24. Ne4 Ke7 25. Nd6 Rc7 26. c4 bxc4 27. bxc4 f6 28. f4 g5 29. cxd5 fxe5 30. fxe5 Bh3 31. Kh2 g4 32. Nf5+ Ke8 33. e6 1-0

[Event "Otago Queen's Birthday op"]
[Site "Dunedin"]
[Date "2006.06.03"]
[Round "2"]
[White "Donaldson, Bruce"]
[Black "Croad, Nicholas"]
[Result "0-1"]
[WhiteElo "2062"]
[BlackElo "2243"]
[PlyCount "78"]
[EventDate "2006.06.03"]
[EventType "swiss"]
[EventRounds "6"]
[EventCountry "NZL"]
[SourceTitle "EXT 2018"]
[Source "ChessBase"]
[SourceDate "2017.10.13"]
[SourceVersion "1"]
[SourceVersionDate "2017.10.13"]
[SourceQuality "1"]

1. e4 c5 2. Nf3 d6 3. d4 cxd4 4. Nxd4 Nf6 5. Nc3 g6 6. Be3 Bg7 7. f3 0-0 8. Qd2 Nc6 9. 0-0-0 d5 10. Nxc6 bxc6 11. exd5 Nxd5 12. Nxd5 cxd5 13. Bc4 e6 14. Bb3 a5 15. a4 Bd7 16. Rhe1 Rb8 17. Bd4 Bxd4 18. Qxd4 Rb4 19. Qe5 Bxa4 20. Bxa4 Rxa4 21. Kb1 Qb6 22. h4 Rxh4 23. Rh1 Rxh1 24. Rxh1 f6 25. Qc3 d4 26. Qa3 Rb8 27. f4 Qb4 28. Qa2 Kg7 29. Kc1 a4 30. Rd1 Rb6 31. g4 Qd6 32. f5 exf5 33. gxf5 Qf4+ 34. Kb1 Qf3 35. Kc1 Qe3+ 36. Kb1 a3 37. b3 Ra6 38. fxg6 hxg6 39. c4 Rb6 0-1

[Event "Oceania zt"]
[Site "Auckland"]
[Date "2005.01.30"]
[Round "1"]
[White "Green, Peter"]
[Black "Donaldson, Bruce"]
[Result "1-0"]
[WhiteElo "2258"]
[BlackElo "2002"]
[PlyCount "63"]
[EventDate "2005.01.30"]
[EventType "swiss"]
[EventRounds "9"]
[EventCountry "NZL"]
[SourceTitle "CBM 104 Extra"]
[Source "ChessBase"]
[SourceDate "2005.03.01"]
[SourceVersion "1"]
[SourceVersionDate "2005.03.01"]
[SourceQuality "1"]

1. d4 Nf6 2. Nf3 g6 3. c4 Bg7 4. Nc3 0-0 5. e4 d6 6. Be2 e5 7. 0-0 exd4 8. Nxd4 Re8 9. f3 Nc6 10. Be3 Nh5 11. Qd2 f5 12. Nxc6 bxc6 13. Bg5 Nf6 14. c5 Qd7 15. Rad1 Rb8 16. cxd6 fxe4 17. b3 e3 18. dxc7 Qxc7 19. Bc4+ Be6 20. Bxe6+ Rxe6 21. Bxe3 Rbe8 22. Bf2 Qa5 23. Rfe1 Rxe1+ 24. Rxe1 Rd8 25. Qe3 Re8 26. Qc1 Rd8 27. a3 Nd5 28. b4 Qa6 29. Nxd5 cxd5 30. Qc7 Qd6 31. Re8+ Bf8 32. Qxd8 1-0

[Event "NZL-ch Major op"]
[Site "Wanganui"]
[Date "2003.01.09"]
[Round "10"]
[White "Donaldson, Bruce"]
[Black "Smith, Vivian J"]
[Result "0-1"]
[WhiteElo "1781"]
[BlackElo "1659"]
[PlyCount "78"]
[EventDate "2003.01.??"]
[EventType "swiss"]
[EventRounds "11"]
[EventCountry "NZL"]
[SourceTitle "EXT 2005"]
[Source "ChessBase"]
[SourceDate "2004.11.15"]
[SourceVersion "1"]
[SourceVersionDate "2004.11.15"]
[SourceQuality "1"]

1. e4 d6 2. d4 Nf6 3. Nc3 g6 4. Nf3 Bg7 5. Bc4 c6 6. a4 0-0 7. 0-0 d5 8. Bd3 dxe4 9. Nxe4 Bg4 10. c3 Qc7 11. h3 Bxf3 12. Qxf3 Nxe4 13. Bxe4 Nd7 14. Bf4 e5 15. dxe5 Bxe5 16. Bh6 Bg7 17. Be3 Rfe8 18. Rad1 Ne5 19. Qg3 Qe7 20. Bc2 b6 21. Rfe1 Rad8 22. Rxd8 Rxd8 23. f4 Nd3 24. Rd1 Nxb2 25. Rb1 Nc4 26. Bf2 Qa3 27. f5 Qxc3 28. Qc7 Rf8 29. Bb3 Nd2 30. Be1 Qd4+ 31. Bf2 Qc3 32. Bxf7+ Rxf7 33. Qc8+ Rf8 34. Qe6+ Kh8 35. Re1 Bd4 36. Bxd4+ Qxd4+ 37. Kh2 gxf5 38. Qxc6 Ne4 39. Rc1 Qd6+ 0-1

[Event "NZL-ch Major op"]
[Site "Wanganui"]
[Date "2003.01.08"]
[Round "9"]
[White "Thornton, Giovanni Antonio"]
[Black "Donaldson, Bruce"]
[Result "0-1"]
[WhiteElo "1527"]
[BlackElo "1781"]
[PlyCount "70"]
[EventDate "2003.01.??"]
[EventType "swiss"]
[EventRounds "11"]
[EventCountry "NZL"]
[SourceTitle "EXT 2005"]
[Source "ChessBase"]
[SourceDate "2004.11.15"]
[SourceVersion "1"]
[SourceVersionDate "2004.11.15"]
[SourceQuality "1"]

1. Nf3 Nf6 2. c4 g6 3. g3 Bg7 4. Bg2 0-0 5. 0-0 d6 6. d4 Nbd7 7. Nc3 e5 8. e4 c6 9. h3 Qb6 10. d5 cxd5 11. cxd5 Nc5 12. Nd2 a6 13. a4 Bd7 14. a5 Qc7 15. Qe2 b5 16. axb6 Qxb6 17. Nc4 Qc7 18. Be3 Rfc8 19. Bxc5 Qxc5 20. Na3 Bh6 21. Kh2 Rcb8 22. Rab1 Rb6 23. Qc4 Qa5 24. Qd3 Rc8 25. Nc4 Bb5 26. Nxb5 Qxb5 27. b3 Rbb8 28. Rfd1 Qc5 29. Ra1 Ra8 30. Ra2 Nd7 31. Rda1 Qb5 32. Ra5 Qb4 33. Rxa6 Rxa6 34. Nxe5 Rxa1 35. Nxd7 Bg7 0-1

[Event "NZL-ch Major op"]
[Site "Wanganui"]
[Date "2003.01.05"]
[Round "5"]
[White "Short, Allan J"]
[Black "Donaldson, Bruce"]
[Result "0-1"]
[WhiteElo "1716"]
[BlackElo "1858"]
[PlyCount "84"]
[EventDate "2003.01.??"]
[EventType "swiss"]
[EventRounds "11"]
[EventCountry "NZL"]
[SourceTitle "EXT 2005"]
[Source "ChessBase"]
[SourceDate "2004.11.15"]
[SourceVersion "1"]
[SourceVersionDate "2004.11.15"]
[SourceQuality "1"]

1. d4 Nf6 2. Bf4 g6 3. e3 Bg7 4. Bd3 d6 5. Nf3 Nh5 6. c3 Nxf4 7. exf4 0-0 8. 0-0 Nd7 9. f5 e5 10. fxe6 fxe6 11. Bc4 Nb6 12. Bb3 a5 13. Re1 Re8 14. a4 Bd7 15. Nbd2 Kh8 16. Ne4 Nd5 17. Neg5 Qf6 18. Ne4 Qf8 19. Neg5 Re7 20. Qc2 Rae8 21. Re4 Bf6 22. Rae1 Bxg5 23. Nxg5 Qf5 24. Qd2 h6 25. Nf3 Kg7 26. Nh4 Qf6 27. Bc2 e5 28. dxe5 Rxe5 29. Rxe5 Rxe5 30. Rxe5 Qxe5 31. Nxg6 Qh5 32. Qd4+ Kf7 33. Nf4 Nxf4 34. Qxf4+ Kg7 35. Qd4+ Kg8 36. Bb3+ Kf8 37. Qh8+ Ke7 38. Qg7+ Ke8 39. Bc2 Bf5 40. Qg8+ Ke7 41. Qg7+ Ke8 42. Bxf5 Qd1# 0-1

[Event "NZL-ch Major op"]
[Site "Dunedin"]
[Date "1999.??.??"]
[Round "8.6"]
[White "Batchelor, Aaron"]
[Black "Donaldson, Bruce"]
[Result "1-0"]
[WhiteElo "1609"]
[BlackElo "1466"]
[PlyCount "79"]
[EventDate "1998.??.??"]
[EventType "swiss"]
[EventRounds "11"]
[EventCountry "NZL"]
[SourceTitle "EXT 2003"]
[Source "ChessBase"]
[SourceDate "2002.11.25"]
[SourceVersion "1"]
[SourceVersionDate "2002.11.25"]
[SourceQuality "1"]

1. e4 c5 2. b3 Nf6 3. d3 d6 4. f4 Nc6 5. Nf3 e6 6. Bb2 Be7 7. Be2 0-0 8. Nbd2 d5 9. e5 Ne8 10. 0-0 b6 11. Kh1 g6 12. Qe1 Ng7 13. Qg3 Nf5 14. Qh3 a5 15. g4 Ng7 16. g5 a4 17. Qg4 Nf5 18. Rg1 axb3 19. cxb3 Kg7 20. Nh4 Kg8 21. Nxf5 exf5 22. Qh4 Be6 23. Rg3 h5 24. Bxh5 Kg7 25. Bxg6 Rh8 26. Bh5 Nb4 27. a3 Nc2 28. Rag1 d4 29. Rh3 Bd5+ 30. Nf3 Bxf3+ 31. Rxf3 Qd5 32. Qh3 Ne3 33. g6 Ng4 34. Rxg4 fxg4 35. Qxg4 Rxh5 36. Qxh5 fxg6 37. Qh3 Qxb3 38. f5 Qxb2 39. f6+ Kg8 40. Qe6+ 1-0

[Event "NZL-ch Major op"]
[Site "Dunedin"]
[Date "1999.??.??"]
[Round "2.10"]
[White "Cameron, Daniel"]
[Black "Donaldson, Bruce"]
[Result "0-1"]
[WhiteElo "1131"]
[BlackElo "1466"]
[PlyCount "44"]
[EventDate "1998.??.??"]
[EventType "swiss"]
[EventRounds "11"]
[EventCountry "NZL"]
[SourceTitle "EXT 2003"]
[Source "ChessBase"]
[SourceDate "2002.11.25"]
[SourceVersion "1"]
[SourceVersionDate "2002.11.25"]
[SourceQuality "1"]

1. e4 c5 2. Nf3 Nc6 3. d4 cxd4 4. Nxd4 e5 5. Nf3 Bc5 6. Nc3 Nf6 7. Bc4 0-0 8. Bg5 Qb6 9. 0-0 Qxb2 10. Qd2 Bb4 11. Rab1 Qxc3 12. Qxc3 Bxc3 13. Bd2 Bxd2 14. Nxd2 a6 15. Rfe1 Re8 16. Nf3 h6 17. Nh4 b5 18. Bb3 Nd4 19. Nf5 Nxf5 20. exf5 d5 21. f4 e4 22. Rbc1 Bxf5 0-1

[Event "NZL-ch Major op"]
[Site "Dunedin"]
[Date "1999.??.??"]
[Round "10.10"]
[White "Donaldson, Bruce"]
[Black "Reid, David M"]
[Result "1-0"]
[WhiteElo "1466"]
[BlackElo "1451"]
[PlyCount "71"]
[EventDate "1998.??.??"]
[EventType "swiss"]
[EventRounds "11"]
[EventCountry "NZL"]
[SourceTitle "EXT 2003"]
[Source "ChessBase"]
[SourceDate "2002.11.25"]
[SourceVersion "1"]
[SourceVersionDate "2002.11.25"]
[SourceQuality "1"]

1. e4 c5 2. Nf3 d6 3. d4 cxd4 4. Nxd4 Nf6 5. Nc3 a6 6. f4 e6 7. Qf3 Be7 8. Be3 Nc6 9. 0-0-0 Nxd4 10. Bxd4 e5 11. fxe5 Bg4 12. Qd3 Bxd1 13. exf6 Bxf6 14. Qxd1 Bg5+ 15. Kb1 0-0 16. Nd5 b6 17. h4 Be7 18. Qg4 f6 19. Bd3 Rb8 20. Rf1 Rf7 21. h5 Rb7 22. Bxf6 Bxf6 23. Nxf6+ Rxf6 24. Rxf6 Qxf6 25. Qc8+ Qf8 26. Qxb7 Qd8 27. Qd5+ Kf8 28. Qf5+ Qf6 29. Qxf6+ gxf6 30. Kc1 Ke7 31. Kd2 h6 32. Ke3 Kd7 33. Kf4 Ke6 34. c3 Ke7 35. Kf5 Kf7 36. Bc2 1-0

[Event "NZL-ch Major op"]
[Site "Dunedin"]
[Date "1999.??.??"]
[Round "7.2"]
[White "McNabb, Matthew David"]
[Black "Donaldson, Bruce"]
[Result "1-0"]
[WhiteElo "1717"]
[BlackElo "1466"]
[PlyCount "91"]
[EventDate "1998.??.??"]
[EventType "swiss"]
[EventRounds "11"]
[EventCountry "NZL"]
[SourceTitle "EXT 2003"]
[Source "ChessBase"]
[SourceDate "2002.11.25"]
[SourceVersion "1"]
[SourceVersionDate "2002.11.25"]
[SourceQuality "1"]

1. e4 c5 2. Nf3 Nc6 3. d4 cxd4 4. Nxd4 e5 5. Nb5 d6 6. N1c3 a6 7. Na3 b5 8. Nd5 Nge7 9. Bg5 h6 10. Bh4 Qa5+ 11. c3 Nxd5 12. Qxd5 Qb6 13. Bxb5 axb5 14. Nxb5 Be6 15. Nxd6+ Bxd6 16. Qxd6 g5 17. Bg3 Rd8 18. Qa3 f6 19. 0-0 Kf7 20. b4 Rd2 21. Rfd1 Rhd8 22. Qa4 h5 23. h4 g4 24. a3 Rxd1+ 25. Rxd1 Rxd1+ 26. Qxd1 Qa7 27. Qc1 Kg7 28. Kh2 Qf7 29. f4 Kh7 30. b5 exf4 31. Qxf4 Ne5 32. Qf2 Nc4 33. Qc5 Kg6 34. a4 Qb7 35. e5 fxe5 36. Bxe5 Nxe5 37. Qxe5 Qd5 38. Qxd5 Bxd5 39. a5 Bc4 40. b6 Ba6 41. c4 Kf5 42. c5 Ke6 43. c6 Kd6 44. b7 Bxb7 45. cxb7 Kc7 46. a6 1-0